000 02529cam a22002295a 4500
001 L152924
008 110516s2010 xxk f 000 0 eng d
020 _a9780727741745
035 _a(Sirsi) u152924
041 0 _aeng
110 2 _aInstitute of Civil Engineers
_95948
245 0 0 _aICE Manual of Construction Law
_h[electronic resource]
260 _aLondon
_bICE
_c2010
300 _aeBook
490 0 _aICE manuals series
505 2 _aSection 1: Legal issues arising during the course of the construction project -- 1 The planning system -- 2 Financing the project -- 3 Public sector projects -- 4 Public?private sector partnerships -- 5 Facilities management contracts -- 6 Procurement route -- 7 The construction contract -- 8 Tender process -- 9 Construction insurance -- 10 Bonds, parent company guarantees and other security -- 11 Ways of operating -- 12 Joint ventures -- 13 International offices -- 14 The consulting engineer's appointment -- 15 Collateral warranties -- Section 2: Operational issues in an engineering practice -- 16 Professional indemnity insurance -- 17 Employment law -- 18 Intellectual property --Section 3: General law -- 19 The law of contract -- 20 Construction health and safety I: Enforcement, HSW Act and management duties -- 21 Construction health and safety II: Industry and hazard-specific regulations, work equipment and workplace safety -- 22 Insolvency in construction -- 23 Law of tort -- 24 Environmental issues -- Section 4: Construction disputes -- 25 Administration of claims -- 26 Litigation for the construction industry -- 27 Arbitration -- 28 Adjudication -- 29 Alternative dispute resolution.
520 _aThis eBook is the essential legal reference for all construction professionals. Previously published as the annual ICE construction law handbook, ICE manual of construction law has been thoroughly revised and extended, to deliver practical guidance and a breadth of knowledge that is unrivalled by any other publication. Written for those without legal training, by acknowledged experts from within the construction industry and specialist construction law firms, the most important construction law issues are addressed: from planning, financing and procurement, through operational issues and general law, to claims and dispute resolution.
651 4 _aENGLAND AND WALES
690 _aBUILT ENVIRONMENT-CONSTRUCTION MANAGEMENT
856 4 0 _uhttps://www.vlebooks.com/
_zView on VLEbooks. Logins for members only from [email protected]
942 _n0
999 _c112268
_d112268